Consumer mobility and market segmentation /

Bibliographic Details
Main Author: Golden, Linda L.
Other Authors: Anderson, W. Thomas
Format: Book
Language:English
Published: [Austin] : Institute for Constructive Capitalism, University of Texas at Austin, [1979]
Series:Survey series (Austin) ; 2.
Subjects:

MARC

Tag First Indicator Second Indicator Subfields
LEADER 00000cam a2200000 i 4500
001 in00000063338
005 20151008051738.0
008 800117s1979 txu b s00010 eng
010 |a  79625856  
035 |a (OCoLC)05664589 
035 |9 AAG9741AM 
040 |a DLC  |c DLC  |d TXA  |d UtOrBLW 
043 |a n-us--- 
049 |a TXAM  |c [1405544] 
050 0 0 |a HC110.C6  |b G57 
082 0 |a 658.8/3 
100 1 |a Golden, Linda L. 
245 1 0 |a Consumer mobility and market segmentation /  |c by Linda L. Golden and W. Thomas Anderson, Jr. 
264 1 |a [Austin] :  |b Institute for Constructive Capitalism, University of Texas at Austin,  |c [1979] 
264 4 |c ©1979 
300 |a 19 pages, 2 unnumbered pages ;  |c 28 cm. 
336 |a text  |b txt  |2 rdacontent 
337 |a unmediated  |b n  |2 rdamedia 
338 |a volume  |b nc  |2 rdacarrier 
490 1 |a Survey series ; 2 
504 |a Bibliography: page [21]. 
650 0 |a Consumers  |z United States. 
650 0 |a Market segmentation. 
650 0 |a Marketing research  |z United States. 
700 1 |a Anderson, W. Thomas. 
830 0 |a Survey series (Austin) ;  |v 2. 
999 |a MARS 
999 f f |s c4a8f8f7-66a4-3823-9160-09c6a90cd100  |i 7bcf0eee-5491-3ce5-9fdb-a93686520db0  |t 0 
952 f f |p ric  |a Texas A&M University  |b Rellis Campus  |c Joint Library Facility  |d Remote Storage  |t 0  |e HC110.C6 G57  |h Library of Congress classification  |i unmediated -- volume  |m A14802579557 
998 f f |a HC110.C6 G57  |t 0  |l Remote Storage